С. Булгаков. Розмисли. Творча спадщина у контексті ХХІ століття (Record no. 345158)

MARC details
000 -LEADER
fixed length control field 00761nam a22002417a 4500
001 - CONTROL NUMBER
control field 59075
003 - CONTROL NUMBER IDENTIFIER
control field UA-OsUOA
005 - DATE AND TIME OF LATEST TRANSACTION
control field 20230419163955.0
007 - PHYSICAL DESCRIPTION FIXED FIELD--GENERAL INFORMATION
fixed length control field ta
008 - FIXED-LENGTH DATA ELEMENTS--GENERAL INFORMATION
fixed length control field 20090305b un ||||| |||| 00| 0 ukr d
020 ## - INTERNATIONAL STANDARD BOOK NUMBER
International Standard Book Number 966-346-125-Х
040 ## - CATALOGING SOURCE
Original cataloging agency UA-OsUOA
Language of cataloging ukr
Transcribing agency UA-OsUOA
Modifying agency UA-OsUOA
041 ## - LANGUAGE CODE
Language code of text/sound track or separate title ukr
080 ## - UNIVERSAL DECIMAL CLASSIFICATION NUMBER
Universal Decimal Classification number 330,83(477)
090 ## - LOCALLY ASSIGNED LC-TYPE CALL NUMBER (OCLC); LOCAL CALL NUMBER (OCLC)
Classification number (OCLC) (R) ; Classification number, CALL (RLIN) (NR) 330,83(477)
Local cutter number (OCLC) ; Book number/undivided call number, CALL (RLIN) С11
245 ## - TITLE STATEMENT
Title С. Булгаков. Розмисли. Творча спадщина у контексті ХХІ століття
Remainder of title В. Д. Базилевич
260 ## - PUBLICATION, DISTRIBUTION, ETC. (IMPRINT)
Place of publication, distribution, etc К.
Name of publisher, distributor, etc Знання
Date of publication, distribution, etc 2006
300 ## - PHYSICAL DESCRIPTION
Extent 903 с.
650 #7 - SUBJECT ADDED ENTRY--TOPICAL TERM
Topical term or geographic name as entry element 330 Економіка взагалі
Source of heading or term UDC
942 ## - ADDED ENTRY ELEMENTS (KOHA)
Koha item type Books
Source of classification or shelving scheme Universal Decimal Classification
955 ## - COPY-LEVEL INFORMATION (RLIN)
Classification number, CCAL (RLIN) Навчальні видання
Holdings
Withdrawn status Lost status Source of classification or shelving scheme Damaged status Not for loan Home library Current library Date acquired Source of acquisition Cost, normal purchase price Inventory number Total Checkouts Full call number Barcode Date last seen Price effective from Koha item type
    Universal Decimal Classification     ЧЗ - Читальна зала ЧЗ - Читальна зала 05/03/2009 29/2009 90.00 119940   330,83(477) С11 119940 07/02/2022 05/03/2009 Books
    Universal Decimal Classification     ЧЗ - Читальна зала ЧЗ - Читальна зала 16/06/2009 95/2009 90.00 121515   330.83(477) С11 121515 07/02/2022 16/06/2009 Books